Foundation Engineering (Record no. 194736)

MARC details
000 -LEADER
fixed length control field 00451nam a2200193Ia 4500
008 - FIXED-LENGTH DATA ELEMENTS--GENERAL INFORMATION
fixed length control field 240823s9999||||xx |||||||||||||| ||und||
020 ## - INTERNATIONAL STANDARD BOOK NUMBER
International Standard Book Number 978-81-203-2652-1
082 ## - DEWEY DECIMAL CLASSIFICATION NUMBER
-- 624.1834 Q2
100 ## - MAIN ENTRY--PERSONAL NAME
Personal name Varghese P C
245 #0 - TITLE STATEMENT
Title Foundation Engineering
250 ## - EDITION STATEMENT
Edition statement 1st
260 ## - PUBLICATION, DISTRIBUTION, ETC. (IMPRINT)
Date of publication, distribution, etc 2012
Name of publisher, distributor, etc "PHI,New "
Place of publication, distribution, etc New Delhi
500 ## - GENERAL NOTE
General note YES
650 ## - SUBJECT ADDED ENTRY--TOPICAL TERM
Topical term or geographic name as entry element Foundation
942 ## - ADDED ENTRY ELEMENTS (KOHA)
Item type Books
Holdings
Withdrawn status Lost status Damaged status Permanent location Current location Shelving location Date acquired Source of acquisition Cost, normal purchase price Full call number Barcode Date last seen Koha item type
      CENTRAL LIBRARY, NOORUL ISLAM CENTRE FOR HIGHER EDUCATION CENTRAL LIBRARY, NOORUL ISLAM CENTRE FOR HIGHER EDUCATION NI Tech 03/26/2013 Higginbothams Private Ltd 425.00 624.1834 Q2 46525 08/23/2024 Books
Visitors:
Copyright © 2024 Central Library NICHE.  All rights reserved.